|
|
|
|
| LEADER |
00000cam a2200000 i 4500 |
| 001 |
1/26928 |
| 008 |
020827s2001 gr | ||| |||| ||gre|| |
| 020 |
|
|
|a 960218227X
|
| 035 |
|
|
|l 10068343
|
| 040 |
|
|
|a GR-MyUA
|b gre
|e AACR2
|
| 041 |
1 |
|
|a gre
|h fre
|
| 082 |
0 |
|
|a 844.914
|
| 100 |
1 |
|
|a Otte, Jean-Pierre,
|d 1949-
|
| 245 |
1 |
2 |
|a Η σεξουαλικότητα σ' ένα πιάτο θαλασσινά /
|c Jean-Pierre Otte ; μετάφραση Αγγελική Τσέλιου.
|
| 260 |
|
|
|a Αθήνα :
|b Κριτική,
|c 2001.
|
| 300 |
|
|
|a 118 σ.
|
| 490 |
1 |
|
|a (Κύματα
|v ; 3)
|
| 500 |
|
|
|a Τίτλος πρωτοτύπου: La sexualite d'un plateau de fruits de mer.
|
| 650 |
0 |
0 |
|a French literature
|y 20th century.
|
| 700 |
1 |
|
|a Τσέλιου, Αγγελική,
|e trlf
|
| 830 |
|
0 |
|a Κύματα ;
|v 3
|
| 852 |
|
|
|a INST
|b LESVOS
|e 20020827
|h 844.914 OTT
|p 005100025204
|q 005100025204
|t BK
|y 0
|
| 901 |
|
|
|a BIBL1-2002-2
|
| 909 |
|
|
|a Λ
|b 102054
|
| 922 |
|
|
|a 1ΕΛΗ
|b 200204
|c ΤΚΑ/ΚΕΒ
|d ΠΑΠΑΣΩΤΗΡΙΟΥ
|
| 950 |
|
|
|a 023-2002-03-27
|
| 970 |
|
|
|a ΚΑΜΑΤΣΟΥ
|b ΔΕΣΠΟΙΝΑ
|z 2002/08/29
|